A magyar pénzügyi jog kézikönyve

Bibliographic Details
Main Author: Mariska, Vilmos, 1844-1912 (Author)
Format: Book
Language:Hungarian
PhysicalDescription:858 s. 23 cm
Published: Budapest Franklin-Társulat 1891
Edition:5. teljesen átdolgozott kiad.
Subjects:

MARC

LEADER 00000nam a2200000 a 4500
001 vtls009494114
003 SK-MaSNL
005 20260301125940.0
008 180810s1891 hu f 000 0 hun
020 |q (viaz.) 
040 |a SNK  |b slo  |c SNK  |e AACR2 
041 0 |a hun 
044 |a hu  |c HU 
072 7 |a 347.7  |x Obchodné právo. Finančné právo. Právo priemyselného vlastníctva. Patentové právo. Autorské právo  |2 konspekt 
080 |a 347.73  |2 2001 
080 |a (439)  |2 2001 
080 |a (035)  |2 2001 
100 1 |a Mariska, Vilmos,  |d 1844-1912  |4 aut  |9 476693 
245 1 0 |a A magyar pénzügyi jog kézikönyve  |c Mariska Vilmos 
250 |a 5. teljesen átdolgozott kiad. 
260 |a Budapest  |b Franklin-Társulat  |c 1891 
300 |a 858 s.  |c 23 cm 
648 7 |a 19. stor.  |2 SNKPH  |9 278793 
650 0 7 |a finančné právo  |2 SNKPH  |9 2223 
651 7 |a Maďarsko  |2 SNKPH  |9 16754 
655 7 |a príručky  |2 SNKPH  |9 74364 
958 |a ONDV 
999 |c 744005  |d 745935 
952 |a SNK  |b SNK  |y PREZ  |7 0  |p 17A0619475  |o snkSC 135350  |i snk2009/7528  |8 3  |g 48.00  |0 0  |1 0  |4 0  |d 2009-04-21  |l 0  |r 2025-07-01 00:00:00  |w 2026-02-23